"...Az Úristen vagyon mivelünk..." Szenczi Molnár Albert emlékkonferencia konferenciakötete

Bibliographic Details
Main Authors: Somogyi, Alfréd, 1970- (Author, Editor), Kerekes, József István (Author), Péter, Éva (Author), Petrőczi, Éva, 1951- (Author), Süll, Kinga, 1980- (Author), Szabó, András, 1954- (Author)
Corporate Author: Az Úristen vagyon mivelünk Komárno, Slovensko (Author)
Format: Conference Proceeding Book
Language:Hungarian
Slovak
PhysicalDescription:89 strán faksimile, ilustrácie, noty, portréty 21 cm
Published: Komárom Selye János Egyetem Református Teológiai Kar 2024
ISBN:9788081224997
Edition:Első kiadás
Subjects:

MARC

LEADER 00000cam a2200000 4500
001 vtls012272225
003 SK-MaSNL
005 20260302063227.0
008 250227s2024 xo ogacfrn 100 s hun
015 |a SNBA2024/08 
020 |a 9788081224997  |q (brožované) 
040 |a SNK  |b slo  |c SNK  |e rda 
041 0 |a hun  |a slo  |b eng  |b hun 
043 |a e-hu--- 
044 |a xo  |c SK 
072 7 |a 27-1/-2  |x Kresťanská teológia. Dogmatická teológia  |2 konspekt 
080 |a 274/278-1-051  |2 2011 
080 |a 27-337  |2 2011 
080 |a (062.534)  |2 2011 
080 |a (439)  |2 2011 
080 |a 783  |2 2011 
080 |a 783.27  |2 2011 
080 |a (082.2)  |2 2011 
111 2 |a Az Úristen vagyon mivelünk  |d (2024 :  |c Komárno, Slovensko)  |4 aut  |9 724194 
245 1 4 |a "...Az Úristen vagyon mivelünk..."  |b Szenczi Molnár Albert emlékkonferencia konferenciakötete  |c szerkesztette: Somogyi Alfréd 
246 3 0 |a Szenczi Molnár Albert emlékkonferencia konferenciakötete 
246 3 1 |a "...Pán Boh je s nami..."  |b zborník z pamätnej konferencie Alberta Molnára Szencziho 
250 |a Első kiadás 
264 1 |a Komárom  |b Selye János Egyetem Református Teológiai Kar  |c 2024 
300 |a 89 strán  |b faksimile, ilustrácie, noty, portréty  |c 21 cm 
336 |a text  |b txt  |2 rdacontent 
337 |a bez média  |b n  |2 rdamedia 
338 |a zväzok  |b nc  |2 rdacarrier 
500 |a Obsahuje profesijné údaje o autoroch príspevkov 
500 |a Obsahuje poznámky pod čiarou 
504 |a Obsahuje bibliografiu za jednotlivými príspevkami a bibliografické odkazy 
546 |a Anglické a maďarské abstrakty a kľučové slová ; súbežný názov a tiráž v slovenčine 
600 1 7 |a Szenci Molnár, Albert,  |d 1574-1634  |2 SNKMA  |9 413869 
650 0 7 |a evanjelickí teológovia  |2 SNKPH  |9 4232 
650 0 7 |a kresťanskí reformátori  |2 SNKPH  |9 86520 
650 0 7 |a Evangelical theologians  |2 SNKPHeng  |9 346514 
650 0 7 |a Christian reformers  |2 SNKPHeng  |9 278089 
650 0 7 |a sakrálna hudba  |2 SNKPH  |9 1745 
650 0 7 |a Sacred music  |2 SNKPHeng  |9 267668 
650 0 7 |a žalmy  |2 SNKPH  |9 1744 
650 0 7 |a Psalms  |2 SNKPHeng  |9 337345 
651 7 |a Maďarsko  |2 SNKPHgeo  |9 16754 
651 7 |a Hungary  |2 SNKPHeng  |9 265263 
655 7 |a zborníky konferencií  |2 SNKPH  |9 70153 
655 7 |a Proceedings of conferences  |2 SNKPHeng  |9 265791 
655 7 |a jubilejné publikácie  |2 SNKPH  |9 70339 
655 7 |a Jubilee books  |2 SNKPHeng  |9 281827 
700 1 |a Somogyi, Alfréd,  |d 1970-  |4 aut  |4 edt  |9 116698 
700 1 |a Kerekes, József István  |4 aut  |9 724195 
700 1 |a Péter, Éva  |4 aut  |9 724196 
700 1 |a Petrőczi, Éva,  |d 1951-  |4 aut  |9 73699 
700 1 |a Süll, Kinga,  |d 1980-  |4 aut  |9 724197 
700 1 |a Szabó, András,  |d 1954-  |4 aut  |9 724198 
700 1 |a Nagy, Angéla  |4 bkd  |9 724199 
752 |a Slovensko  |d Komárno 
852 |a Slovenská národná knižnica 
919 |a 978-80-8122-499-7 
954 |a odborná, vedecká literatúra pôvodná (slovenská)  |2 lita 
954 |a duchovná literatúra pôvodná (slovenská)  |2 lita 
954 |a odborná, vedecká literatúra cudzojazyčná (svetová)  |2 lita 
954 |a duchovná literatúra cudzojazyčná (svetová)  |2 lita 
958 |a NB 
958 |a NT 
958 |a ZB 
999 |c 1131913  |d 1133843 
952 |a SNK  |b SNK  |c SNK_KF  |y PREZ  |7 6  |p 17A1566807  |o snkSC 209947  |i snk2025/6068  |8 0  |0 0  |1 0  |4 0  |d 2025-04-08  |l 0  |r 2025-11-03 00:00:00  |w 2026-02-24